[Event "Krakow op-B"]
[Site "Krakow"]
[Date "2004.01.04"]
[Round "9"]
[White "Wilda, Grzegorz"]
[Black "Gasik, Anna"]
[Result "0-1"]
[WhiteElo "1800"]
[BlackElo "2040"]
[PlyCount "52"]
[EventDate "2003.12.27"]
[EventType "swiss"]
[EventRounds "9"]
[EventCountry "POL"]
[SourceTitle "EXT 2006"]
[Source "ChessBase"]
[SourceDate "2005.11.24"]
[SourceVersion "1"]
[SourceVersionDate "2005.11.24"]
[SourceQuality "1"]

1. e4 c5 2. Nf3 e6 3. d4 cxd4 4. Nxd4 a6 5. c4 Qc7 6. Nc3 Nf6 7. Be2 Bb4 8. Qc2 Qe5 9. Nf3 Qxe4 10. Qxe4 Nxe4 11. Bd2 Bxc3 12. Bxc3 Nxc3 13. bxc3 Nc6 14. c5 Ke7 15. Nd2 d6 16. cxd6+ Kxd6 17. Rb1 Ke7 18. 0-0 e5 19. Bc4 f6 20. Ne4 Bf5 21. Bd5 Rhd8 22. c4 Rab8 23. Nc5 Nd4 24. Rb2 Bc8 25. Rbb1 b6 26. Ne4 Bf5 0-1